| 000 | 00397nam a2200145Ia 4500 | ||
|---|---|---|---|
| 008 | 130318s9999 xx 000 0 und d | ||
| 020 | _a9788120329713 | ||
| 082 | _a621.367 JOS/D | ||
| 100 | _aJoshi, Madhuri A | ||
| 245 | _aDigital image processing: An algorithmic approach | ||
| 260 |
_bPHI Learning _aNew Delhi _c2006 |
||
| 300 | _a337 | ||
| 650 | _aIMAGE CODING | ||
| 650 | _aIMAGE INTERPRETATION | ||
| 999 |
_c2277 _d2277 |
||